Soroll i vibracions /
Descripción Física:
29 f. ; 29 cm
Idioma:
Catalán
MARC
| LEADER | 00000nam a2200000Ia 4500 | ||
|---|---|---|---|
| 001 | 22787 | ||
| 003 | Arxiu | ||
| 005 | 20260324180053.0 | ||
| 008 | 160829s1992 spc xx s cat c | ||
| 080 | |a C-2-32 | ||
| 100 | 1 | |a Vila, Francesc |9 45417 | |
| 245 | 1 | 0 | |a Soroll i vibracions / |c Francesc Vila i Vendrell |
| 260 | |a Barcelona : |b Diputació de Barcelona. Servei del Medi Ambient, |c 1992 | ||
| 300 | |a 29 f. ; |c 29 cm | ||
| 490 | 1 | |a Documents de medi ambient | |
| 590 | |a A la portada: Núm. 003; àmbit: medi atmosfèric | ||
| 650 | 0 | |a Soroll |x Control |x Dret i legislació |9 46419 | |
| 650 | |a Vibració |x Aspectes ambientals |x Legislació |9 40050 | ||
| 710 | 1 | |a Barcelona (Catalunya : Província). |b Servei de Medi Ambient |9 53475 | |
| 830 | 0 | |9 56143 |a Documents de medi ambient (Barcelona (Catalunya : Província). Diputació) | |
| 901 | |a Arxiu | ||
| 942 | |n 1 |2 udc |c ARXIU | ||
| 952 | |0 0 |1 0 |4 0 |6 C232 |7 1 |9 52583 |a Arxiu |b Arxiu |d 2016-12-01 |l 0 |o C-2-32 |p 22787 |r 2016-12-01 00:00:00 |w 2016-12-01 |y ARXIU | ||
| 999 | |c 56432 |d 56432 | ||